000 00507nam a2200181Ia 4500
001 17107
003 GE_BSU
008 181216s||||||||xx |||||||||||||| ||und||
040 _cGE_BSU
080 _a(სასკოლო ბიბლიოთეკა
245 _aარსენას ლექსი.
260 _aტფილისი
260 _bსახელგამი
260 _c1928
300 _a26გვ. ; 19სმ.
653 _aარსენას ლექსი
942 _cBK
999 _c50169
_d50169